Olivia Rodrigo - Toutes les chansons - Statistiques

Statistiques générales
  • Ce quiz a été pris 4 044 fois
    99 depuis la dernière actualisation
  • Le résultat moyen est 22 sur 31
Statistiques - réponses
Hint Réponse % Correct
Sour 3 drivers license
86%
Sour 6 good 4 u
86%
Guts 3 vampire
84%
Guts (spilled) 13 obsessed
82%
Sour 1 brutal
78%
Guts 2 bad idea right?
75%
Sour 9 jealousy, jealousy
75%
Guts 4 lacy
75%
Guts 6 making the bed
75%
Guts 10 the grudge
75%
Sour 2 traitor
75%
Singles 2019 All I Want
73%
Sour 8 happier
73%
Guts (spilled) 17 so american
73%
Sour 5 deja vu
71%
Guts 1 all-american bitch
70%
you seem pretty sad for a girl so in love 2026 Drop Dead
70%
Guts 11 pretty isn't pretty
70%
Sour 4 1 step forward, 3 steps back
68%
Sour 11 hope ur ok
68%
Sour 10 favorite crime
68%
Guts (spilled) 15 scared of my guitar
68%
Singles 2023 Can't Catch Me Now
67%
Guts 5 ballad of a homeschooled girl
66%
Guts 8 get him back!
64%
Guts 12 teenage dream
60%
Sour 7 enough for you
59%
Guts 7 logical
58%
Guts 9 love is embarrassing
58%
Guts (spilled) 16 stranger
58%
Guts (spilled) 14 girl i've always been
52%
Aucun quiz correspondant
Distribution des résultats
% des personnes avec chaque résultat
Percentile par nombre de réponses
Votre historique - résultats
Vous n’avez pas pris ce quiz depuis la dernière actualisation